Vista normal
Vista MARC
Entrada Materia (personas)
Número de registros utilizados en: 1
001 - CONTROL NUMBER
- control field: 101192
003 - CONTROL NUMBER IDENTIFIER
- control field: Co-BoUCM
005 - DATE AND TIME OF LATEST TRANSACTION
- control field: 20200924090218.0
008 - FIXED-LENGTH DATA ELEMENTS
- fixed length control field: 200924|| aca||aabn | a|a d
040 ## - CATALOGING SOURCE
- Original cataloging agency: Co-BoUCM
- Transcribing agency: Co-BoUCM
100 ## - HEADING--PERSONAL NAME
- Personal name: Castañón, Luis
670 ## - SOURCE DATA FOUND
- Source citation: Work cat.: (Co-BoUCM)76895: Keralio, Louis-Félix Guynement de 1731-1793 101191, Encyclopedia metódica, 1791